Fluid flow in pipes and channels (Record no. 30105)

MARC details
000 -LEADER
fixed length control field 00423nam a2200169Ia 4500
020 ## - INTERNATIONAL STANDARD BOOK NUMBER
ISBN 9788123917238
100 ## - STATEMENT OF RESPONSIBILITY--MAIN AUTHOR NAME
Personal name Asawa, G. L.
245 #0 - TITLE STATEMENT
Title Fluid flow in pipes and channels
260 ## - PUBLICATION, DISTRIBUTION, ETC. (IMPRINT)
Place of publication New Delhi
260 ## - PUBLICATION, DISTRIBUTION, ETC. (IMPRINT)
Name of publisher CBS Publishers&Distributors
260 ## - PUBLICATION, DISTRIBUTION, ETC. (IMPRINT)
Year of publication 2012
300 ## - PHYSICAL DESCRIPTION
Number of Pages 511 p
650 ## - SUBJECT ADDED ENTRY--TOPICAL TERM
Topical Term Pipe--Fluid dynamics.
942 ## - ADDED ENTRY ELEMENTS (KOHA)
Koha item type Books
Holdings
Withdrawn status Lost status Source of classification or shelving scheme Damaged status Not for loan Permanent Location Current Location Date acquired Accession Number Price effective from Koha item type
    Library of Congress Classification     NILE UNIVERSITY OF NIGERIA - MAIN LIBRARY NILE UNIVERSITY OF NIGERIA - MAIN LIBRARY 04/23/2025 0188003 04/23/2025 Books